Jaki to gracz? NBA - Statystyki

Ogólne statystyki
  • Ten quiz został rozwiązany 478 razy
  • Średni wynik to 4 z 6
Statystyki odpowiedzi
Hint Odpowiedź % Poprawnych
Kanadyjczyk z numerem jeden w drafcie Andrew Wiggins
84%
Jest najwyższym zawodnikiem Boban Marjanovic
69%
Zawodnik Knicks Donte Divincenzo
62%
W zeszłym roku wygrał konkurs wsadów Obi Toppin
62%
Nie dawno przeszedł z Thunder do Hornets Aleksej Pokusevski
54%
W Playoffs vs Miami zrobił rekord jego kariery w punktach Coby White
45%
Nie znaleziono quizów pasujących do podanych kryteriów
Rozkład punktacji
Procent ludzi z każdym wynikiem
Percentyl według liczby udzielonych odpowiedzi
Twoja historia wyników
Nie rozwiązałeś tego quizu